| 000 | 00749nam a2200229 i 4500 | ||
|---|---|---|---|
| 001 | 71479 | ||
| 003 | ES-MaACL | ||
| 005 | 20250829131210.0 | ||
| 007 | t| | ||
| 008 | 040811s1956 sp ||||1| spa d | ||
| 080 | _a371.048.22 | ||
| 100 | 1 |
_aGemelli, Agostino. _956282 |
|
| 245 | 1 | 3 |
_aLa orientación profesional / _cFr. Agustín Gemelli ; traducción de J. Fábregas Camí. |
| 260 |
_aMadrid : _bRazón y Fe, _c[1956] |
||
| 300 |
_a238 p. ; _c20 cm. |
||
| 490 | 1 | _aBiblioteca de filosofía y pedagogía | |
| 650 | 4 |
_aOrientación profesional. _915770 |
|
| 700 | 1 |
_aFábregas Camí, Juan. _948558 |
|
| 830 | 1 | 0 |
_aBiblioteca de filosofía y pedagogía (Razón y Fe) _9181685 |
| 852 | 4 |
_aES-MaACL _jC-11381 |
|
| 999 |
_c71479 _d71479 |
||